000 00288nam a22001337a 4500
008 170511b xxu||||| |||| 00| 0 eng d
020 _a159460214
041 _aeng
080 _a342
100 _a15
101 _aSHJ
245 _aDECEDENTS' ESTATES
_cO'BRIEN , R.C
942 _2udc
_cBK
999 _c13139
_d13139